000 00415nam a2200157Ia 4500
003 GCL
008 140319s9999 xx 000 0 eng d
040 _aGCL /
_cGCL
082 0 4 _a862
_bD E
100 1 _aDEOTERO BALAS
245 1 0 _aEXPRESION YREUNION AMODO DE ANTOLOGIA /
_cDEOTERO BALAS
260 _a[S.N] :
_bEL LIBRO DE BOLSILLO ،
_c1985
300 _a280
650 0 4 _aSPANISH LITERATURE
942 _2ddc
_cBK
999 _c10598
_d10598